Effectif Olympique Lyonnais saison 2024/2025 - Statistiques

Statistiques générales
  • Ce quiz a été pris 7 347 fois
    2 565 depuis la dernière actualisation
  • Le résultat moyen est 19 sur 29
Statistiques - réponses
Hint Réponse % Correct
A Alexandre Lacazette
95%
G Lucas Perri
94%
M Rayan Cherki
92%
M Corentin Tolisso
91%
Coach Pierre Sage
88%
G Anthony Lopes
86%
A Malick Fofana
86%
D Nicolàs Tagliafico
85%
D Clinton Mata
84%
D Duje Ćaleta-Car
80%
M Georges Mikautadze
80%
D Moussa Niakhaté
78%
M Nemanja Matić
77%
D Ainsley Maitland-Niles
75%
A Ernest Nuamah
73%
M Maxence Caqueret
71%
D Abner Vinícius
68%
D Saêl Kumbedi
67%
G Rémy Descamps
66%
A Saïd Benrahma
60%
A Gift Orban
52%
M Tanner Tessmann
49%
A Wilfried Zaha
42%
D Warmed Omari
41%
G Justin Bengui
40%
M Mahamadou Diawara
33%
D Dejan Lovren
29%
M Paul Akouokou
29%
D Adryelson
21%
Aucun quiz correspondant
Distribution des résultats
% des personnes avec chaque résultat
Percentile par nombre de réponses
Votre historique - résultats
Vous n’avez pas pris ce quiz depuis la dernière actualisation